"Best" Soda Flavors - Statistics

General Stats
  • This quiz has been taken 18 times
  • The average score is 6 of 10
Answer Stats
Rank Flavor % Correct
3 Coke
88%
8 Orange Soda
81%
5 Sprite
75%
1 Dr. Pepper
63%
4 Root Beer
56%
9 Grape Soda
50%
2 Mountain Dew
50%
7 Pepsi
50%
10 7-Up
38%
6 Cream Soda
6%
No matching quizzes found
Score Distribution
Percent of People with Each Score
Percentile by Number Answered
Your Score History
You have not taken this quiz